Eficacia de las medidas coercitivas en el Distrito Judicial de Sánchez Ramírez, periodo 2015-2016/Basilia del Rosario Rodríguez Marte, Altagracia Yovanny Herrá Mañón ; asesor Bolívar Reinoso Hinojosa (Registro nro. 18442)

Detalles MARC
000 -LEADER
fixed length control field 01073nam a22002291a 4500
001 - CONTROL NUMBER
control field 18442
003 - CONTROL NUMBER IDENTIFIER
control field OSt
005 - DATE AND TIME OF LATEST TRANSACTION
control field 20260204212405.0
008 - FIXED-LENGTH DATA ELEMENTS--GENERAL INFORMATION
fixed length control field 180115s2017||||dr ||||||b||||||||||spa||
090 ## - LOCALLY ASSIGNED LC-TYPE CALL NUMBER (OCLC); LOCAL CALL NUMBER (RLIN)
Classification number (OCLC) (R) ; Classification number, CALL (RLIN) (NR) DER 2017 R63
100 1# - ASIENTO PRINCIPAL -- NOMBRE PERSONAL
Personal name Rodríguez Marte,Basilia del Rosario
Relator term sustentante
245 1# - TÍTULO PROPIAMENTE DICHO: SUBTÍTULO
Title Eficacia de las medidas coercitivas en el Distrito Judicial de Sánchez Ramírez, periodo 2015-2016/Basilia del Rosario Rodríguez Marte, Altagracia Yovanny Herrá Mañón ; asesor Bolívar Reinoso Hinojosa
260 ## - PUBLICATION, DISTRIBUTION, ETC.
Place of publication, distribution, etc. Cotuí, República Dominicana :
Name of publisher, distributor, etc. UTECO,
Date of publication, distribution, etc. 2017
300 ## - PHYSICAL DESCRIPTION
Extensión 48 hojas
502 ## - THESIS NOTE
Dissertation note Trabajo de grado (Licenciatura en Derecho)--Universidad Tecnológica del Cibao Oriental, 2017. <br/>
504 ## - BIBLIOGRAPHY, ETC. NOTE
Bibliography, etc. note incluye referencia bibliográfica e índice <br/>
650 #4 - ASIENTO SECUNDARIO DE MATERIA -- TERMINO TOPICO
Asiento secundario de materia Eficacia de las medidas coercitivas en el Distrito Judicial
700 1# - ASIENTO SECUNDARIO -- NOMBRE PERSONAL
Personal name Herrá Mañón, Altagracia Yovanny
Relator term sustentante
700 1# - ASIENTO SECUNDARIO -- NOMBRE PERSONAL
Personal name Hinojosa, Bolívar Reinoso
Relator term asesor
830 ## - ASIENTO SECUNDARIO DE SERIE - TÍTULO UNIFORME
Uniform title Tesis y disertaciones académicas (Universidad Tecnológica del Cibao Oriental)
942 ## - ADDED ENTRY ELEMENTS (KOHA)
Source of classification or shelving scheme Clasificación Local
Koha item type Tesis
Existencias
Withdrawn status Lost status Source of classification or shelving scheme Damaged status Not for loan Collection code Home library Current library Shelving location Date acquired Inventory number Total Checkouts Full call number Barcode Date last seen Copy number Price effective from Koha item type
    Clasificación Local   Préstamo Interno Trabajos de Grado e Investigación   Biblioteca UTECO En Estantería 09/09/2019 DT-2017-009   DER 2017 R63 DT-2017-009 09/09/2019 Ej.1 09/09/2019 Tesis
© 2021 Derechos Reservados UTECO - Teléfono: +1 809-585-2291 - Correo electrónico: biblioteca@uteco.edu.do​  
Código postal 43000 ​​
Dirección: Avenida Universitaria No. 100, 
Cotuí, Provincia Sánchez Ramírez, República Dominicana - RNC: 404-00059-6